Serbian Football Players Abroad - Statistics

General Stats
  • This quiz has been taken 414 times
    410 since last reset
  • The average score is 14 of 43
Answer Stats
Competition Club Position Player % Correct
Manchester City DF Aleksandar Kolarov
83%
Chelsea MD Nemanja Matic
83%
England Chelsea DF Branislav Ivanovic
79%
Southampton FW Dusan Tadic
77%
Belgium Anderlecht FW Aleksandar Mitrovic
64%
Freiburg DF Stefan Mitrovic
64%
Liverpool FW Lazar Markovic
62%
Borussia Dortmund DF Neven Subotic
60%
VFB Stuttgart MD Filip Kostic
54%
Inter Milan DF Nemanja Vidic
54%
Manchester City DF Matija Nastasic
51%
Russia CSKA Moscow MD Zoran Tosic
43%
AS Roma FW Adem Ljajic
41%
Borussia Dortmund MD Milos Jojic
37%
Villarreal DF Antonio Rukavina
34%
Portugal Benfica MD Ljubomir Fejsa
33%
Lazio Roma DF Dusan Basta
32%
Greece Olympiacos MD Luka Milivojevic
30%
Turkey Fenerbahçe MD Milos Krasic
28%
Torino DF Nikola Maksimovic
28%
Hamburg DF Slobodan Rajkovic
27%
Spain Celta Vigo MD Nemanja Radoja
26%
Lazio Roma FW Filip Djordjevic
23%
France Olympique Lyon DF Milan Bisevac
23%
Hamburg MD Gojko Kacar
22%
Inter Milan MD Zdravko Kuzmanovic
22%
Mainz MD Filip Djuricic
20%
Udinese GK Zeljko Brkic
18%
Benfica MD Miralem Sulejmani
15%
Fiorentina DF Nenad Tomovic
14%
Hellas Verona MD Bosko Jankovic
13%
Chievo Verona MD Ivan Radovanovic
12%
Sampdoria MD Nenad Krsticic
11%
Cordoba DF Aleksandar Pantic
10%
Eibar FW Dejan Lekic
10%
Zenith St Petersburg DF Milan Rodic
10%
Germany Augsburg FW Nikola Djurdjic
10%
Eintracht Frankfurt MD Aleksandar Ignjovski
9%
Lokomotiv Moscow DF Nemanja Pejcinovic
8%
Wolfsburg MD Slobodan Medojevic
8%
Torino GK Vlada Avramov
6%
Palermo DF Milan Milanovic
2%
Italy AS Roma DF Petar Golubovic
1%
No matching quizzes found
Score Distribution
Percent of People with Each Score
Percentile by Number Answered
Your Score History
You have not taken this quiz since the last reset